2012 construction case law summary (January - June) (Record no. 84239)

MARC details
000 -LEADER
fixed length control field 00907cad a22002175a 4500
001 - CONTROL NUMBER
control field L157021
008 - FIXED-LENGTH DATA ELEMENTS--GENERAL INFORMATION
fixed length control field 120814e2012 xxk 000 0 eng d
035 ## - SYSTEM CONTROL NUMBER
System control number (Sirsi) u157021
041 0# - LANGUAGE CODE
Language code of text/sound track or separate title eng
100 1# - MAIN ENTRY--PERSONAL NAME
Personal name Reeves, Suzanne
110 2# - MAIN ENTRY--CORPORATE NAME
Corporate name or jurisdiction name as entry element Wedlake Bell LLP
9 (RLIN) 6105
245 00 - TITLE STATEMENT
Title 2012 construction case law summary (January - June)
Medium [electronic resource]
260 ## - PUBLICATION, DISTRIBUTION, ETC.
Date of publication, distribution, etc. 2012
520 ## - SUMMARY, ETC.
Summary, etc. Construction case law summary for the first half of 2012. The full text of all the cases referred to can be found at www.bailii.org
590 ## - LOCAL NOTE (RLIN)
Local note NTK KA
651 #4 - SUBJECT ADDED ENTRY--GEOGRAPHIC NAME
Geographic name England and Wales
Chronological subdivision 1543-
690 ## - LOCAL SUBJECT ADDED ENTRY--TOPICAL TERM (OCLC, RLIN)
Topical term or geographic name as entry element Construction management
9 (RLIN) 6230
856 40 - ELECTRONIC LOCATION AND ACCESS
Uniform Resource Identifier <a href="https://www.wedlakebell.com/index.php?option=com_flexicontent&view=category&cid=313&Itemid=10">https://www.wedlakebell.com/index.php?option=com_flexicontent&view=category&cid=313&Itemid=10</a>
Public note View the article at www.wedlakebell.com
856 40 - ELECTRONIC LOCATION AND ACCESS
Uniform Resource Identifier <a href="https://www.bailii.org/form/search_cases.html">https://www.bailii.org/form/search_cases.html</a>
Public note View the legal cases free of charge at www.bailii.org
942 ## - ADDED ENTRY ELEMENTS (KOHA)
Suppress in OPAC 0
Holdings
Withdrawn status Lost status Source of classification or shelving scheme Damaged status Not for loan Home library Current library Shelving location Date acquired Total Checkouts Full call number Barcode Date last seen Copy number Price effective from Koha item type
    Dewey Decimal Classification     Virtual Virtual Online 14/08/2012   ONLINE PUBLICATION 157021-2001 06/08/2019 1 06/08/2019 Book